Timeless adventures : how Doctor Who conquered TV /

Bibliographic Details
Main Author: Robb, Brian J.
Format: Book
Language:English
Published: Harpenden [England] : Kamera, 2009.
Subjects:

MARC

Tag First Indicator Second Indicator Subfields
LEADER 00000cam a2200000 a 4500
001 in00002568356
005 20151201151957.0
008 090702s2009 enk b 001 0 eng
015 |a GBA971891  |2 bnb 
016 7 |a 015332067  |2 Uk 
020 |a 9781842433027 (pbk.) 
020 |a 1842433024 (pbk.) 
029 1 |a NZ1  |b 13121333 
029 1 |a CDX  |b 8803458 
029 1 |a UNITY  |b 120254093 
029 1 |a UKESR  |b 1842433024 
029 1 |a UKBRD  |b 1842433024 
029 1 |a UKNWP  |b 1842433024 
035 |a (OCoLC)ocn319126751 
035 |a (OCoLC)319126751 
040 |a UKM  |c UKM  |d YDXCP  |d BWKUK  |d CDX  |d UtOrBLW 
049 |a TXAM 
050 4 |a PN1992.77.D6273  |b R63 2009 
082 0 4 |a 791.4572  |2 22 
100 1 |a Robb, Brian J. 
245 1 0 |a Timeless adventures :  |b how Doctor Who conquered TV /  |c Brian J. Robb. 
264 1 |a Harpenden [England] :  |b Kamera,  |c 2009. 
300 |a 256 pages ;  |c 20 cm. 
336 |a text  |b txt  |2 rdacontent 
337 |a unmediated  |b n  |2 rdamedia 
338 |a volume  |b nc  |2 rdacarrier 
504 |a Includes bibliographical references and index. 
630 0 0 |a Doctor Who (Television program : 2005- ) 
630 0 0 |a Doctor Who (Television program : 1963-1989) 
938 |a YBP Library Services  |b YANK  |n 100517448 
938 |a Coutts Information Services  |b COUT  |n 8803458  |c £9.99 
945 |a PromptCat  |b 9831 
946 |a stk 
947 |a A14840173052 
994 |a 92  |b TXA 
948 |a Cataloged  |b h  |c 2010/6/24  |d c  |e ibarton 
999 |a MARS 
999 f f |s 3d7c7df1-217b-32b3-af1c-24a59f5a93fb  |i e82b0937-2e83-39f6-9586-1bf84323c202  |t 0 
952 f f |p normal  |a Texas A&M University  |b College Station  |c Sterling C. Evans Library  |d Evans: Library Stacks  |t 0  |e PN1992.77.D6273 R63 2009  |h Library of Congress classification  |i unmediated -- volume  |m A14840173052 
998 f f |a PN1992.77.D6273 R63 2009  |t 0  |l Evans: Library Stacks